| 000 | 00734nam a2200205Ia 4500 | ||
|---|---|---|---|
| 008 | 0000001988 sp a 0000000000spa00 | ||
| 090 | _aPSP00 C78j1 | ||
| 100 | 1 |
_aCruspinera, Joan _d1945 |
|
| 245 | 1 | 0 |
_aCruspinera _c/ fotos Ramón Calvet |
| 300 |
_a[18] p. _c/ 15 cm. |
||
| 500 | _aExposición realizada en Galeria Estampa de Madrid en otubre de 1988 \ Incluye datos biográficos y cronología artística | ||
| 600 | 0 | 0 |
_a CRUSPINERA, JOAN, 1945/ _xTRABAJOS PICTORICOS |
| 650 | 1 | 4 | _aARTE CONTEMPORANEO ESPAÑOL |
| 650 | 1 | 4 | _xCATALOGOS |
| 650 | 1 | 4 | _aDIBUJOS ESPAÑOLES |
| 650 | 1 | 4 | _xEXPOSICIONES |
| 650 | 1 | 4 | _aPINTORES ESPAÑOLES |
| 650 | 1 | 4 | _aPINTURA ESPAÑOLA |
| 999 |
_c14974 _d14974 |
||
| 260 |
_aMadrid : Galería Estampa _c1988 |
||